| 000 | 00906nam a2200301Ia 4500 | ||
|---|---|---|---|
| 003 | GCL | ||
| 008 | 140319s9999 xx 000 0 ara d | ||
| 040 |
_aGCL / _cGCL |
||
| 082 | 0 | 4 |
_a920.72 _bص ص |
| 100 | 1 | _aصافيناز كاظم | |
| 245 | 1 | 0 |
_aصنعة لطافة / _cصافيناز كاظم |
| 250 | _aالاولى | ||
| 260 |
_aالقاهرة : _bدار العين للنشر ، _c2007 |
||
| 300 |
_a218 ص ؛ _c24 سم |
||
| 650 | 0 | 4 | _aالمرأة فى مصر |
| 650 | 0 | 4 | _aتحرير المراة |
| 650 | 0 | 4 | _aحقوق المرأة |
| 650 | 0 | 4 | _aنبوية موسى |
| 650 | 0 | 4 | _aتعليم النساء |
| 650 | 0 | 4 | _aالمرأة كشاعرة |
| 650 | 0 | 4 | _aالمرأة كمؤلفة |
| 650 | 0 | 4 | _aمؤلفات النساء |
| 650 | 0 | 4 | _aجميلة صبرى |
| 650 | 0 | 4 | _aمعصومة كاظم |
| 650 | 0 | 4 | _aعفت بدر |
| 650 | 0 | 4 | _aزينب صادق |
| 942 |
_2ddc _cBK |
||
| 999 |
_c9771 _d9771 |
||